000 00428nam a22001577a 4500
008 240906b |||||||| |||| 00| 0 eng d
020 _a978-8177001488
082 _a658.8
100 _aChhabra T.N.
245 _aMarketing Management
250 _a4th ed.
260 _aNew Delhi :
_bDhanpat Rai & Co.Pvt.Ltd. Educational & Technical publishers,
_c2007.
300 _c24 Cm.
700 _aGrover S.K.
_eAuthor
942 _2ddc
999 _c10012
_d10013